000 01621cam a22003977a 4500
003 CHAP
005 20220817043432.0
008 980416d1997 mx b r 10110 spa d
010 _a75300
011 _a76272
020 _a9688004359
035 _a85851
040 _cCHAP
082 0 4 _a631.51
_bI5
110 0 _aINIFAP. México. Centro Nacional de Investigación para Producción Sostenible
_958797
245 1 0 _aAvances de investigación en labranza de conservación 1
_c/por INIFAP. Centro Nacional de Investigación para Producción Sostenible
260 0 _aAlvaro Obregón, Mich. :
_bINIFAP. Centro Nacional de Investigación para Producción Sostenible,
_c1997.
300 _a288 p. :
_bilus. ; mapas ; gráfs. ;
410 2 0 _aINIFAP.
_bCentro Nacional de Investigación para Producción Sostenible
490 0 _aLibro técnico
_v; 1
590 _aBATCH-UPD
_b10
_c20130110
_lUCH01
_h1007
590 _aBATCH-UPD
_b10
_c20130410
_lUCH01
_h0617
590 _aBATCH-UPD
_b10
_c20130913
_lUCH01
_h2220
590 _aBATCH-UPD
_b10
_c20140805
_lUCH01
_h1147
590 _aCONVERSION
_b10
_c20130109
_lUCH01
_h1341
650 1 4 _aAgricultura sustentable.
650 1 4 _aAgricultura
_xInvestigación.
_91577
650 1 4 _aLabranza de conservación.
_964308
810 2 0 _aINIFAP.
_bCentro Nacional de Investigación para Producción Sostenible
_958636
830 0 _aLibro técnico
_v; 1
_966654
901 _aBK
905 _aLilia Sánchez G.
942 _cLIBRO
949 _a631.51 I5
_bBC
_cCONG
_d858511
_eCONG
_h93027
_i85851
_kDonaciØn
_sb
949 _a631.51 I5
_bBC
_cLIBRO
_d33724000711354
_eLIBRO
_fc.2
_h94538
_i85851
_si
999 _c75300
_d75300